Central Library OPAC University of Rajshahi

Behavior disorders : perspectives and trends / (Record no. 28910)

MARC details
000 -LEADER
fixed length control field 00842cam a2200277 4500
001 - CONTROL NUMBER
control field 28910
003 - CONTROL NUMBER IDENTIFIER
rucl marc code BD-RjUL
005 - DATE AND TIME OF LATEST TRANSACTION
control field 20211209051340.0
008 - FIXED-LENGTH DATA ELEMENTS--GENERAL INFORMATION
fixed length control field 140401s19691965nyu b 001 0 eng d
035 ## - SYSTEM CONTROL NUMBER
System control number (BD-RjUL)28994
040 ## - CATALOGING SOURCE
Original cataloging agency DLC
Transcribing agency DLC
Modifying agency BD-RjUL
Language of cataloging eng
041 ## - LANGUAGE CODE
Language code of text/sound track or separate title eng
082 00 - DEWEY DECIMAL CLASSIFICATION NUMBER
Classification number 616.8908
Author mark and year BEH 1969
245 10 - TITLE STATEMENT
Title Behavior disorders : perspectives and trends /
Statement of responsibility, etc. edited by Ohmer Milton and Robert G. Wahler.
250 ## - EDITION STATEMENT
Edition statement 2d ed.
260 ## - PUBLICATION, DISTRIBUTION, ETC. (IMPRINT)
Place of publication, distribution, etc. New York :
Name of publisher, distributor, etc. Lippincott,
Date of publication, distribution, etc. c1969.
300 ## - PHYSICAL DESCRIPTION
Pagination viii, 333 p.
Size 24 cm.
490 0# - SERIES STATEMENT
Series statement The Lippincott college psychology series
504 ## - BIBLIOGRAPHY, ETC. NOTE
Bibliography, etc Includes bibliographies and index.
650 #0 - SUBJECT ADDED ENTRY--TOPICAL TERM
Topical term or geographic name as entry element Psychiatry.
9 (RLIN) 88379
700 1# - ADDED ENTRY--PERSONAL NAME
Personal name Wahler, Robert G.,
Dates associated with a name 1936-
Relator term joint comp.
Personal name Ohmer Milton
942 ## - ADDED ENTRY ELEMENTS (KOHA)
Source of classification or shelving scheme Dewey Decimal Classification
Koha item type Books
Holdings
Lost status Source of classification or shelving scheme Damaged status Not for loan Collection code Permanent Location Current Location Shelving location Date acquired Source of acquisition Cost, normal purchase price Total Checkouts Full call number Date last seen Copy number Koha item type
  Dewey Decimal Classification   Added to bundle Non-fiction Central Library, University of Rajshahi Central Library, University of Rajshahi Reading Room 05/05/1975 Not Fount. 0.00   616.8908 BEH 1969 01/04/2014 C-1 Books